000 00882nam a22003017a 4500
001 0103
003 DO-SdBNP
005 20180201152149.0
007 0103
008 151005b1986 sp 00| 0 spa d
020 _a8471768984
040 _aBPMSU
_bspa
_cBPMSU
092 _aXXXX
_bXXXX
100 1 _aByron Cover, Arthur
240 1 0 _aAmerican revolutionary /
_leng
245 1 3 _aLa revolución americana /
_cArthur Byron Cover ; ilustraciones Walter Martishius, Alex Nino ; traducción Carolina Pereda
260 _aBarcelona :
_bTimun mas,
_c1986.
300 _a125 p. :
_bil.
_c18 cm.
490 1 _aLa maquina del tiempo
_v10
700 1 2 _aPereda, Carolina
_etrad.
700 1 2 _aMartishius, Walter
_eil.
700 1 2 _aNino, Alex
_eil.
830 0 _aLa maquina del tiempo
_n10
910 _a202
942 _2ddc
_cBK
945 _aInventariado, 2018 / BT
956 _aYngrid Lockward
999 _c8597
_d8597